Saazish / (Record no. 47184)

MARC details
000 -LEADER
fixed length control field 01043njm a22002777a 4500
005 - DATE AND TIME OF LATEST TRANSACTION
control field 2010092108448.0
006 - FIXED-LENGTH DATA ELEMENTS--ADDITIONAL MATERIAL CHARACTERISTICS--GENERAL INFORMATION
fixed length control field a|||||r|||||00| 0
007 - PHYSICAL DESCRIPTION FIXED FIELD--GENERAL INFORMATION
fixed length control field sd ammalaaahaa
008 - FIXED-LENGTH DATA ELEMENTS--GENERAL INFORMATION
fixed length control field 100907t xxu||||| |||| 00| 0 eng d
028 ## - PUBLISHER NUMBER
Publisher number SFLP-1275
Source Super
035 ## - SYSTEM CONTROL NUMBER
System control number GR-07763
100 ## - MAIN ENTRY--PERSONAL NAME
Personal name Bhosle, Asha
9 (RLIN) 18693
245 ## - TITLE STATEMENT
Title Saazish /
Statement of responsibility, etc by Asha Bhosle ; Music Kalyanji Anandji ; lyric Anand Bakhsi
Medium [Sound recording]
246 ## - VARYING FORM OF TITLE
Title proper/short title साज़िश /
260 ## - PUBLICATION, DISTRIBUTION, ETC. (IMPRINT)
Place of publication, distribution, etc Dum Dum, India
Name of publisher, distributor, etc Super
Date of publication, distribution, etc 1988
300 ## - PHYSICAL DESCRIPTION
Extent 1 sound disc [Gramophone Recording]
Other physical details analog, 33 1/3rpm ;
Dimensions 12 in. (LP)
Type of unit Gramaphone Records
500 ## - GENERAL NOTE
General note Brief records
500 ## - GENERAL NOTE
General note Record Lables Super, Red
505 ## - FORMATTED CONTENTS NOTE
Formatted contents note Side-1 (Hello Friends, Good Evening) (Suresh Wadkar), --Side-2 (Yeh Shahar Yeh Sharhar) (Kishore Kumar)
600 ## - SUBJECT ADDED ENTRY--PERSONAL NAME
Source of heading or term Bhosle, Asha
650 ## - SUBJECT ADDED ENTRY--TOPICAL TERM
Topical term or geographic name as entry element Classical Music
General subdivision Excerpts
Geographic subdivision India
9 (RLIN) 18694
700 ## - ADDED ENTRY--PERSONAL NAME
Personal name Anandji, Kalyanji
9 (RLIN) 20896
700 ## - ADDED ENTRY--PERSONAL NAME
Personal name Bakhsi
9 (RLIN) 20897
942 ## - ADDED ENTRY ELEMENTS (KOHA)
Source of classification or shelving scheme Dewey Decimal Classification
Item type Gramaphone Records
Holdings
Withdrawn status Lost status Source of classification or shelving scheme Damaged status Not for loan Collection code Home library Current library Date acquired Source of acquisition Total Checkouts Barcode Date last seen Copy number Price effective from Koha item type
    Dewey Decimal Classification     Non-fiction Central Library Central Library 21/09/2010 SED/VEN   GR-07763 21/09/2010 1 21/09/2010 Gramaphone Records

© Delhi Public Library
Hit Counter
free hit counter